banner-ar

الجريمة والقانون فى مصر فى عصرى البطالمة والرومان : (Record no. 63869)

MARC details
000 -الفاتح
حقل البيانات ثابتة الطول 01150nam a22002537a 4500
005 - وقت وتاريخ اخر تعامل مع التسجيلة
رقم الضبط 20240530110703.0
008 - عناصر البيانات ثابتة الطول - معلومات عامة
حقل البيانات ثابتة الطول 171225s2014 ua a f b 000 0dara d
017 ## - رقم الايداع القانونى
رقم الايداع القانونى 2014/11888
المصدر ( الهيئة المختصة) مصر. دار الكتب
020 ## - الرقم الدولى المعيارى للكتب
الرقم الدولى المعيارى للكتاب 9789774489044
040 ## - مصدر الفهرسة
وكالة الفهرسة الأصلية EG-CaGPL
وكالة النسخ EG-CaGPL
082 04 - رقم تصنيف ديوى العشرى
رقم الطبعة 21
رقم التصنيف 364.1
رقم المادة ق/أ ج
100 0# - المدخل الرئيسى - إسم شخصى
الإسم الشخصى احمد خفاجة رحيم
245 12 - بيان العنوان
العنوان الجريمة والقانون فى مصر فى عصرى البطالمة والرومان :
بقية العنوان اشقياء ومظاليم /
بيان المسئوليه,etc تأليف احمد خفاجة رحيم .
250 ## - بيان الطبعة
بيان الطبعة ط.1
260 ## - PUBLICATION, DISTRIBUTION, ETC. (IMPRINT)
تاريخ النشر أو التوزيع 2014 .
300 ## - الوصف المادى
التعداد 355 ص. ؛
أبعاد الوعاء 24 سم.
490 0# - بيان السلسلة
عنوان السلسلة تاريخ المصريين ؛
رقم المجلد/ التعيين التسلسلي 297
504 ## - تبصرة ببليوجرافية
تبصرة ببليوجرافية,الخ ببليوجرافية : ص 347 - 355
650 07 - المدخل الاضافى بالموضوع-مصطلح موضوعى
مصدر الرأس أو المصطلح qrmak
مصطلح موضوعي الجريمة والمجرمون
التقسيم الفرعي الزمني العصر الرومانى
التقسيم الفرعي الجغرافي مصر القديمة
651 07 - المدخل الاضافى بالموضوع - اسم جغرافى
مصدر الرأس أو المصطلح qrmak
الاسم الجغرافي مصر القديمة
التقسيم الفرعي العام تاريخ
التقسيم الفرعي الزمني العصر الرومانى
651 07 - المدخل الاضافى بالموضوع - اسم جغرافى
مصدر الرأس أو المصطلح qrmak
الاسم الجغرافي مصر القديمة
التقسيم الفرعي العام تاريخ
التقسيم الفرعي الزمني العصر اليونانى
942 ## - عناصر المدخل الإضافي( كوها)
مصدر التصنيف او مخطط الترفيف Dewey Decimal Classification
Koha [default] item type كتاب
260 ## - PUBLICATION, DISTRIBUTION, ETC. (IMPRINT)
-- القاهرة :
-- الهيئة المصرية العامة للكتاب ،
Holdings
حالة التراجع حالة الفقد حالة تلف ليس للاعارة المكان المؤقت الموقع الحالى موقع الترفيف تاريخ الاكتساب اجمالي اﻻعارات رقم الطلب الباركود تاريخ اخر مشاهدة تاريخ تفعيل السعر نوع وعاء كوها
        مكتبة القاهرة الكبرى مكتبة القاهرة الكبرى   01/13/2018   364.1 ق/أ ج 163988 10/05/2022 01/13/2018 كتاب

Powered By

EGPV